Biblioteca

Resisting economic injustice from within the "belly of the empire" (Registro nro. 61503)

Detalles MARC
000 -LÍDER
Campo fijo de descripción fija 01366aab a2200241 i 4500
001 - NÚMERO DE CONTROL
Campo de control 768714001
003 - IDENTIFICADOR DEL NÚMERO DE CONTROL
Campo de control CO-MdFUSB
005 - FECHA Y HORA DE LA ULTIMA TRANSACCIÓN
control field 20260309145450.0
008 - ELEMENTOS DE LONGITUD FIJA -- INFORMACIÓN GENERAL
Campo fijo de descripción fija -- Información general 240711t2006 sz ||||| |||| 00| 0 eng d
040 ## - FUENTE DE CATALOGACIÓN
Idioma de catalogación spa
Agencia que realiza la transcripción CO-MdFUSB
041 ## - CÓDIGO DE IDIOMA
Código de idioma para texto/pista de sonido o título separado eng
100 1# - ASIENTO PRINCIPAL--NOMBRE PERSONAL
Nombre personal Brown, Paulette
Término relacionador autor
245 ## - TÍTULO
Título Resisting economic injustice from within the "belly of the empire"
Mención de responsabilidad / Paulette Brown
520 ## - NOTA DE RESUMEN, ETC.
Nota de sumario, etc. Yvonne y Tina son mujeres negras de origen caribeño. Viven en Toronto, Canadá, uno de los mejores países para vivir según las Naciones Unidas. Ambos están intentando ingresar al sector empresarial. Como todos los negros, Yvonne pertenece a "una clase consumidora", lo que limita su acceso a las instituciones financieras. Tina tiene problemas de alquiler. Descubre que las políticas no escritas de los propietarios son "no tener inquilinos negros". Sus historias, escribe Paulette Brown, "invitan a analizar el papel desempeñado por la raza y la clase en las luchas por la justicia económica".
546 ## - NOTA DE IDIOMA
Nota de idioma Texto en inglés.
650 #7 - ASIENTO SECUNDARIO DE MATERIA - TERMINO TEMÁTICO
Término temático o nombre geográfico como elemento de entrada Mujeres
Subdivisión general Derechos
9 (RLIN) 325
650 #7 - ASIENTO SECUNDARIO DE MATERIA - TERMINO TEMÁTICO
Término temático o nombre geográfico como elemento de entrada Discriminación
9 (RLIN) 441
650 #7 - ASIENTO SECUNDARIO DE MATERIA - TERMINO TEMÁTICO
Término temático o nombre geográfico como elemento de entrada Justicia
9 (RLIN) 2116
650 #0 - ASIENTO SECUNDARIO DE MATERIA - TERMINO TEMÁTICO
Término temático o nombre geográfico como elemento de entrada Cristianismo y economía
9 (RLIN) 1199
773 0# - ASIENTO DE ITEM FUENTE
Título Reformed World
Biblionumber 49396
Itemnumber 59503
Parte(s) relacionada(s) / Volumen., número. (mes año), páginas Volumen 56, (número 1, 2006) páginas: 31 - 36
Enumeración y primera página página: 31
942 ## - TIPO DE MATERIAL (KOHA)
Tipo de Item KOHA Artículos de Revista
945 ## - INFORMACIÓN LOCAL DEL REGISTRO
Catalogador Catherine Arias Álvarez - Practicante SENA

No hay ítems disponibles.

Biblioteca FUSBC | Teléfono: (57+4) 349 88 10 Ext. 141| WhatsApp (+57) 3005338115 
E-mail: biblioteca@unisbc.edu.co | Calle 76 87-14 Robledo Palenque, Medellín, Colombia

Con tecnología Koha